| 000 | 00536nam a2200181Ia 4500 | ||
|---|---|---|---|
| 005 | 20240829023819.0 | ||
| 008 | 240331s9999 xx 000 0 und d | ||
| 020 | _a0416387004 | ||
| 082 |
_bFEM _a800 |
||
| 245 | 0 |
_aFeminist criticism and social change : _bsex, class and race in literature and culture |
|
| 260 |
_aNew York _bMethuen Inc, _c1985 |
||
| 300 | _axxxix, 291 p ., | ||
| 650 | _aAmerican Literature | ||
| 650 | _aHistory and criticism | ||
| 700 |
_aNewton, Judith _eedt |
||
| 700 |
_aRosenfelt, Deborah _eedt |
||
| 942 | _cL | ||
| 999 |
_c3097 _d3097 |
||